Nyugtalanság /

Hlavní autor: Francouz, Pavel, 1932-1995
Další autoři: Bertha, Mária
Jazyk: Maďarština
Vydáno: Bratislava : Madách, 1989
Vydání: 1. magyar nyelvü kiadás
Témata:
Fyzický popis: 130 stran
Knihy
Uloženo v:
LEADER 01094nam a22003252i 4500
001 001506336
003 CZ BrMZK
005 20160519145920.0
007 ta
008 160120s1989 xo er|||||||||j|hun d
040 |a ABA001  |b cze  |c ABA001  |d ABA001  |d BOA001  |e rda 
041 1 |a hun  |h cze 
072 7 |a 821.162.3-3  |x Česká próza  |2 Konspekt  |9 25 
080 |a 821.162.3-32  |2 MRF 
080 |a (0:82-32)  |2 MRF 
100 1 |a Francouz, Pavel,  |d 1932-1995  |7 jk01031700  |4 aut 
240 1 0 |a Znepokojení.  |l Maďarsky 
245 1 0 |a Nyugtalanság /  |c Pavel Francouz ; a mü eredeti (cseh) címe Znepokojení fordította: Bertha Mária 
250 |a 1. magyar nyelvü kiadás 
264 1 |a Bratislava :  |b Madách,  |c 1989 
300 |a 130 stran 
336 |a text  |b txt  |2 rdacontent 
337 |a bez média  |b n  |2 rdamedia 
338 |a svazek  |b nc  |2 rdacarrier 
655 7 |a české povídky  |7 fd133971  |2 czenas 
700 1 |a Bertha, Mária  |4 trl 
910 |a BOA001  |b M1-0943.861 
990 |a BK 
991 |b 201601 
996 7 |b 2619138038  |c M1-0943.861  |l MZK  |r Sklad / do 24 hodin  |n 0  |w 001541347  |u 000010  |a 1  |e BOA001  |j MZK50  |s A